000 00635nam a2200241Ia 4500
003 OSt
005 20221007071320.0
006 a|||||r|||| 00| 0
007 ta
008 221006b |||||||| |||| 00| 0 eng d
024 _a25,067
037 _cTextual
040 _aFLL
_cFLL
_beng
041 _2eng
_aeng
082 _aZ3,927vN5, M1
100 _aMilsom S. F. C.
245 0 _aHistorical foundations of the common law
250 _a2nd
260 _aLondon
_bButterworths 1981
_c1981
300 _axiii,475p
_ccm.
942 _hZ3,927vN5, M1
_cTEXL
_2CC
999 _c1143042
_d1143042